Chúng tôi xây dựng đền thờ Bác : Ký
Nhiều mẩu kí viết về cuộc kháng chiến chống Mỹ ở mặt trận Trà Vinh, Long Khánh, Mỹ Long... Những gương vì nước của đồng bào miền Nam
Gorde:
| Egile nagusia: | |
|---|---|
| Formatua: | Liburua |
| Hizkuntza: | Undetermined |
| Argitaratua: |
Thành phố Hồ Chí Minh
Văn nghệ Thành phố Hồ Chí Minh
1997
|
| Gaiak: | |
| Etiketak: |
Etiketa erantsi
Etiketarik gabe, Izan zaitez lehena erregistro honi etiketa jartzen!
|
| Thư viện lưu trữ: | Trung tâm Học liệu Trường Đại học Cần Thơ |
|---|
| LEADER | 00856nam a2200205Ia 4500 | ||
|---|---|---|---|
| 001 | CTU_190308 | ||
| 008 | 210402s9999 xx 000 0 und d | ||
| 082 | |a 895.922803 | ||
| 082 | |b Ch305 | ||
| 100 | |a Nguyễn, Thiện Chiến | ||
| 245 | 0 | |a Chúng tôi xây dựng đền thờ Bác : | |
| 245 | 0 | |b Ký | |
| 245 | 0 | |c Nguyễn Thiện Chiến | |
| 260 | |a Thành phố Hồ Chí Minh | ||
| 260 | |b Văn nghệ Thành phố Hồ Chí Minh | ||
| 260 | |c 1997 | ||
| 520 | |a Nhiều mẩu kí viết về cuộc kháng chiến chống Mỹ ở mặt trận Trà Vinh, Long Khánh, Mỹ Long... Những gương vì nước của đồng bào miền Nam | ||
| 650 | |a Autobiography,Tự truyện | ||
| 910 | |a Hải | ||
| 980 | |a Trung tâm Học liệu Trường Đại học Cần Thơ | ||